[Event "Oberliga Ost-B 1415"]
[Site "Germany"]
[Date "2015.01.17"]
[Round "6.6"]
[White "Voropaev, Gleb"]
[Black "Guenther, Peter"]
[Result "1-0"]
[WhiteElo "2287"]
[BlackElo "2190"]
[PlyCount "72"]
[EventDate "2014.09.21"]
[EventType "team-tourn"]
[EventRounds "11"]
[EventCountry "GER"]
[SourceTitle "EXT 2016"]
[Source "ChessBase"]
[SourceDate "2015.10.08"]
[SourceVersion "1"]
[SourceVersionDate "2015.10.08"]
[SourceQuality "1"]
[WhiteTeam "Heusenstamm"]
[BlackTeam "Frankfurt BvK"]
[WhiteTeamCountry "GER"]
[BlackTeamCountry "GER"]

1. e4 e6 2. d4 d5 3. Nd2 Nc6 4. Ngf3 Nf6 5. e5 Nd7 6. Nb3 a5 7. a4 Be7 8. c3 f6 9. exf6 Bxf6 10. Bb5 0-0 11. Bf4 e5 12. Bxc6 bxc6 13. dxe5 Bxe5 14. Bxe5 Qe7 15. Qd4 Rxf3 16. gxf3 Nxe5 17. 0-0-0 Nxf3 18. Qf4 Qf7 19. Qxf7+ Kxf7 20. Rd3 Bg4 21. h3 Bh5 22. Re3 Kf6 23. Nd2 Ne5 24. Rhe1 Re8 25. Kb1 g5 26. Nb3 Bg6+ 27. Ka2 Re7 28. Nxa5 Be4 29. Nb3 Nf3 30. Rd1 Rf7 31. Nd2 Nxd2 32. Rxd2 Kf5 33. b4 h5 34. Re1 Kf4 35. a5 Rf8 36. Kb3 Bf3 1-0

[Event "Oberliga Ost-B 1314"]
[Site "Germany"]
[Date "2014.04.05"]
[Round "10.6"]
[White "Engelmann, Jakob"]
[Black "Guenther, Peter"]
[Result "0-1"]
[WhiteElo "2186"]
[BlackElo "2212"]
[PlyCount "82"]
[EventDate "2013.10.13"]
[EventType "team-tourn"]
[EventRounds "11"]
[EventCountry "GER"]
[SourceTitle "EXT 2015"]
[Source "ChessBase"]
[SourceDate "2014.11.20"]
[SourceVersion "1"]
[SourceVersionDate "2014.11.20"]
[SourceQuality "1"]
[WhiteTeam "Sangerhausen"]
[BlackTeam "Frankfurt BvK"]
[WhiteTeamCountry "GER"]
[BlackTeamCountry "GER"]

1. e4 e6 2. d4 d5 3. Nc3 Bb4 4. e5 c5 5. a3 Bxc3+ 6. bxc3 Ne7 7. Qg4 0-0 8. Bd3 Nd7 9. Nh3 f5 10. Qh5 Qa5 11. Bd2 Nb6 12. Nf4 Nc4 13. Bxc4 dxc4 14. h4 cxd4 15. cxd4 c3 16. Be3 Nd5 17. Rh3 Nxf4 18. Bxf4 Qd5 19. Rg3 Qe4+ 20. Be3 Bd7 21. Kf1 f4 22. Rg4 Rf7 23. Re1 Bb5+ 24. Kg1 Raf8 25. d5 Qxd5 26. Bc1 Ba4 27. Qg5 Bxc2 28. Bxf4 Bg6 29. Be3 c2 30. Rd4 Qa5 31. Rc1 Qxa3 32. h5 Rf5 33. Qg4 Bxh5 34. Qe4 Bd1 35. Ra4 Qc3 36. Rxa7 Qe1+ 37. Kh2 Rh5+ 38. Kg3 Qh1 39. f3 Qe1+ 40. Bf2 Qxe4 41. fxe4 Rg5+ 0-1

[Event "Oberliga Ost-B 1314"]
[Site "Germany"]
[Date "2013.11.24"]
[Round "4.7"]
[White "Schmidt, Lothar"]
[Black "Guenther, Peter"]
[Result "0-1"]
[WhiteElo "2068"]
[BlackElo "2212"]
[PlyCount "76"]
[EventDate "2013.10.13"]
[EventType "team-tourn"]
[EventRounds "11"]
[EventCountry "GER"]
[SourceTitle "EXT 2015"]
[Source "ChessBase"]
[SourceDate "2014.11.20"]
[SourceVersion "1"]
[SourceVersionDate "2014.11.20"]
[SourceQuality "1"]
[WhiteTeam "Jena"]
[BlackTeam "Frankfurt BvK"]
[WhiteTeamCountry "GER"]
[BlackTeamCountry "GER"]

1. d4 Nf6 2. c4 Nc6 3. Nf3 e6 4. a3 d6 5. Nc3 g6 6. e4 Bg7 7. h3 0-0 8. Be3 a6 9. Be2 Rb8 10. 0-0 Re8 11. Qc2 b6 12. Rad1 Bb7 13. Qd2 d5 14. e5 Ne4 15. Qc2 Nxc3 16. Qxc3 dxc4 17. Bxc4 Ne7 18. Bg5 Qd7 19. Bxe7 Qxe7 20. Rfe1 Red8 21. Qe3 Rd7 22. Rd2 Rbd8 23. Red1 Bxf3 24. Qxf3 b5 25. Ba2 Bxe5 26. Qe4 Bg7 27. d5 c6 28. Re2 Qf8 29. h4 cxd5 30. Qf3 Rc7 31. h5 Rdc8 32. hxg6 hxg6 33. g3 Rc1 34. Rxc1 Rxc1+ 35. Kg2 Qc5 36. Qf4 Qc8 37. a4 bxa4 38. Qxa4 Qc5 0-1

[Event "GER-chT U10"]
[Site "Magdeburg"]
[Date "2012.12.29"]
[Round "6.1"]
[White "Guenther, Peter"]
[Black "Lilienthal, Niels Bennett"]
[Result "1/2-1/2"]
[WhiteElo "886"]
[BlackElo "1008"]
[PlyCount "54"]
[EventDate "2012.12.27"]
[EventType "team-swiss"]
[EventRounds "7"]
[EventCountry "GER"]
[SourceTitle "EXT 2014"]
[Source "ChessBase"]
[SourceDate "2013.11.20"]
[SourceVersion "1"]
[SourceVersionDate "2013.11.20"]
[SourceQuality "1"]
[WhiteTeam "Breitenworbis II"]
[BlackTeam "Friedrichsfelde Borussia"]
[WhiteTeamCountry "GER"]
[BlackTeamCountry "GER"]

1. e4 c5 2. Nf3 Nc6 3. d4 cxd4 4. Nxd4 d6 5. Bb5 Nf6 6. Nc3 Bd7 7. Nxc6 Bxc6 8. Bxc6+ bxc6 9. 0-0 g6 10. Bg5 Bg7 11. Qd2 0-0 12. Rad1 Qc7 13. Bf4 Rad8 14. h3 Rd7 15. b3 Rfd8 16. Qc1 a6 17. Rfe1 e6 18. a4 Qb6 19. e5 dxe5 20. Bxe5 Nd5 21. Nxd5 Bxe5 22. Rxe5 Rxd5 23. Rexd5 cxd5 24. Qb2 f6 25. Qc1 e5 26. Rd2 Qd6 27. Rd1 Qe6 1/2-1/2

[Event "GER-chT U10"]
[Site "Magdeburg"]
[Date "2012.12.29"]
[Round "7.1"]
[White "Krause, Philipp"]
[Black "Guenther, Peter"]
[Result "0-1"]
[WhiteElo "914"]
[BlackElo "886"]
[PlyCount "52"]
[EventDate "2012.12.27"]
[EventType "team-swiss"]
[EventRounds "7"]
[EventCountry "GER"]
[SourceTitle "EXT 2014"]
[Source "ChessBase"]
[SourceDate "2013.11.20"]
[SourceVersion "1"]
[SourceVersionDate "2013.11.20"]
[SourceQuality "1"]
[WhiteTeam "Halver Schalksmuehle"]
[BlackTeam "Breitenworbis II"]
[WhiteTeamCountry "GER"]
[BlackTeamCountry "GER"]

1. d4 d5 2. c4 dxc4 3. Nc3 Nc6 4. e3 Nf6 5. Bxc4 Bg4 6. Nge2 g6 7. 0-0 Bg7 8. Bd2 0-0 9. Qc2 Nb4 10. Qb3 Nc6 11. Qxb7 Na5 12. Qb4 Nxc4 13. Qxc4 Rb8 14. b3 e6 15. f3 Bh5 16. Nb5 Rb7 17. Ba5 Nd5 18. e4 Ne3 19. Qc6 Nxf1 20. Qxb7 Ne3 21. Bxc7 Qd7 22. Qxa7 Qxb5 23. Nc3 Qb4 24. Ba5 Qa3 25. Nb5 Qb2 26. Bc3 Qxg2# 0-1

[Event "GER-chT U10"]
[Site "Magdeburg"]
[Date "2012.12.28"]
[Round "3.1"]
[White "Blinov, Sergey"]
[Black "Guenther, Peter"]
[Result "0-1"]
[WhiteElo "761"]
[BlackElo "886"]
[PlyCount "34"]
[EventDate "2012.12.27"]
[EventType "team-swiss"]
[EventRounds "7"]
[EventCountry "GER"]
[SourceTitle "EXT 2014"]
[Source "ChessBase"]
[SourceDate "2013.11.20"]
[SourceVersion "1"]
[SourceVersionDate "2013.11.20"]
[SourceQuality "1"]
[WhiteTeam "Berghofen Hoerde"]
[BlackTeam "Breitenworbis II"]
[WhiteTeamCountry "GER"]
[BlackTeamCountry "GER"]

1. e4 e5 2. Nf3 d6 3. Nc3 Be7 4. Bc4 Nf6 5. d3 c6 6. 0-0 b5 7. Bb3 0-0 8. Nd2 Bg4 9. Qe1 Nbd7 10. h3 Be6 11. Qe3 Bxb3 12. axb3 Qc7 13. Qg3 Rfe8 14. Ndb1 Kh8 15. Re1 Nh5 16. Qg4 Bg5 17. Qxh5 f6 0-1

[Event "GER-chT U10"]
[Site "Magdeburg"]
[Date "2012.12.27"]
[Round "1.1"]
[White "Jaeger, Gustav"]
[Black "Guenther, Peter"]
[Result "1-0"]
[WhiteElo "1065"]
[BlackElo "886"]
[PlyCount "63"]
[EventDate "2012.12.27"]
[EventType "team-swiss"]
[EventRounds "7"]
[EventCountry "GER"]
[SourceTitle "EXT 2014"]
[Source "ChessBase"]
[SourceDate "2013.11.20"]
[SourceVersion "1"]
[SourceVersionDate "2013.11.20"]
[SourceQuality "1"]
[WhiteTeam "Magdeburg USC"]
[BlackTeam "Breitenworbis II"]
[WhiteTeamCountry "GER"]
[BlackTeamCountry "GER"]

1. e4 e5 2. Nf3 d6 3. Bc4 Be7 4. d3 Nf6 5. Be3 c6 6. Nbd2 b5 7. Bb3 0-0 8. 0-0 Nbd7 9. c4 bxc4 10. dxc4 Ba6 11. Rc1 Qc7 12. Re1 Rab8 13. h3 h6 14. Nf1 Rb7 15. Ng3 Rfb8 16. Nf5 Rf8 17. Nxe7+ Kh8 18. Nh4 Qd8 19. Nxc6 Qc7 20. Ne7 Re8 21. Nd5 Nxd5 22. cxd5 Qd8 23. Nf5 Nf6 24. f3 Kg8 25. Qd2 Qd7 26. Rc6 Bb5 27. Rxd6 Qc7 28. Rc1 Qb8 29. f4 exf4 30. Bxf4 Nxe4 31. Qd4 Nxd6 32. Qxg7# 1-0

[Event "Oberliga Ost-B 1011"]
[Site "Germany"]
[Date "2011.04.10"]
[Round "11.4"]
[White "Minor, Samuel"]
[Black "Guenther, Peter"]
[Result "1-0"]
[WhiteElo "2188"]
[BlackElo "2218"]
[PlyCount "71"]
[EventDate "2010.10.24"]
[EventType "team-tourn"]
[EventRounds "11"]
[EventCountry "GER"]
[SourceTitle "EXT 2012"]
[Source "ChessBase"]
[SourceDate "2011.11.24"]
[SourceVersion "1"]
[SourceVersionDate "2011.11.24"]
[SourceQuality "1"]
[WhiteTeam "Wiesbaden"]
[BlackTeam "Frankfurt BvK"]
[WhiteTeamCountry "GER"]
[BlackTeamCountry "GER"]

1. e4 e6 2. d3 d5 3. Qe2 Be7 4. Nf3 Nf6 5. g3 0-0 6. Bg2 c5 7. 0-0 Nc6 8. e5 Ne8 9. c4 Nc7 10. Nc3 a6 11. Na4 Ne8 12. Nc3 Rb8 13. Bf4 Nc7 14. b3 b5 15. Rad1 a5 16. h4 b4 17. Na4 Bd7 18. Be3 d4 19. Bf4 Na7 20. Nb2 Qe8 21. Ng5 a4 22. Nxa4 Bxa4 23. bxa4 Qxa4 24. Nxh7 Kxh7 25. Qh5+ Kg8 26. Be4 g6 27. Qh6 Rfd8 28. h5 Bf8 29. Qg5 Qd7 30. hxg6 fxg6 31. Kg2 Qg7 32. Rh1 Kf7 33. Rh6 Be7 34. Bxg6+ Kg8 35. Qh5 Rf8 36. Rh7 1-0

[Event "Oberliga Ost-B 1011"]
[Site "Germany"]
[Date "2011.04.09"]
[Round "10.3"]
[White "Boehmer, Christian"]
[Black "Guenther, Peter"]
[Result "1-0"]
[WhiteElo "2197"]
[BlackElo "2218"]
[PlyCount "34"]
[EventDate "2010.10.24"]
[EventType "team-tourn"]
[EventRounds "11"]
[EventCountry "GER"]
[SourceTitle "EXT 2012"]
[Source "ChessBase"]
[SourceDate "2011.11.24"]
[SourceVersion "1"]
[SourceVersionDate "2011.11.24"]
[SourceQuality "1"]
[WhiteTeam "Moerlenbach"]
[BlackTeam "Frankfurt BvK"]
[WhiteTeamCountry "GER"]
[BlackTeamCountry "GER"]

1. Nf3 Nf6 2. c4 g6 3. g3 Bg7 4. Bg2 0-0 5. 0-0 d6 6. Nc3 Nbd7 7. d3 c6 8. Rb1 e5 9. b4 Ne8 10. b5 Qc7 11. Ne1 Nc5 12. Nc2 Bd7 13. Bg5 f6 14. bxc6 bxc6 15. Be3 Nb7 16. Nd5 cxd5 17. Bxd5+ Be6 1-0

[Event "Oberliga Ost-B 1011"]
[Site "Germany"]
[Date "2011.02.06"]
[Round "7.5"]
[White "Guenther, Peter"]
[Black "Bajramovic, Bego"]
[Result "1-0"]
[WhiteElo "2218"]
[BlackElo "2108"]
[PlyCount "137"]
[EventDate "2010.10.24"]
[EventType "team-tourn"]
[EventRounds "11"]
[EventCountry "GER"]
[SourceTitle "EXT 2012"]
[Source "ChessBase"]
[SourceDate "2011.11.24"]
[SourceVersion "1"]
[SourceVersionDate "2011.11.24"]
[SourceQuality "1"]
[WhiteTeam "Frankfurt BvK"]
[BlackTeam "Hungen Lich"]
[WhiteTeamCountry "GER"]
[BlackTeamCountry "GER"]

1. e4 e5 2. d4 exd4 3. Qxd4 Nc6 4. Qe3 Nf6 5. Nc3 Bb4 6. Bd2 0-0 7. 0-0-0 Re8 8. Qg3 Nxe4 9. Nxe4 Rxe4 10. c3 Bf8 11. Bd3 Ra4 12. Nf3 h6 13. Bxh6 d5 14. h3 Qd6 15. Qxd6 Bxd6 16. Be3 Rxa2 17. Kb1 Ra5 18. b4 Nxb4 19. cxb4 Bxb4 20. Bd2 Bxd2 21. Rxd2 Bd7 22. Nd4 Ra4 23. Nb3 b6 24. Bc2 Be6 25. Re1 c5 26. Nxc5 Rb4+ 27. Nb3 Rc8 28. Rd4 Rcc4 29. Red1 Kf8 30. Kc1 Rxb3 31. Rxc4 dxc4 32. Bxb3 cxb3 33. Rd8+ Ke7 34. Ra8 a5 35. Rb8 Kd6 36. Rxb6+ Kc5 37. Rb8 a4 38. Kb2 Bd7 39. h4 Kd6 40. Rg8 g6 41. Rb8 Ke7 42. Rb4 Kf6 43. Rf4+ Kg7 44. g4 Be8 45. Re4 Bd7 46. f3 Bc6 47. Re3 Kf6 48. Ka3 Kg7 49. g5 Bd7 50. Re7 Bc6 51. Ra7 Bxf3 52. Rxa4 Bd1 53. Ra6 Bc2 54. Rb6 Kf8 55. Kb2 Ke7 56. Kc3 Kd7 57. Kd4 Kc7 58. Kc5 Kd7 59. Kd5 Kc7 60. Rb4 Bf5 61. Ke5 Bc2 62. Kf6 Kc6 63. Kxf7 Kc5 64. Rxb3 Bxb3+ 65. Kxg6 Kd6 66. h5 Ke7 67. Kg7 Ke8 68. h6 Bc2 69. h7 1-0

[Event "Karl Mala Memorial op 13th"]
[Site "Frankfurt"]
[Date "2010.07.11"]
[Round "7"]
[White "Guenther, Peter"]
[Black "Feicht, Arno"]
[Result "1/2-1/2"]
[WhiteElo "2218"]
[BlackElo "2024"]
[PlyCount "82"]
[EventDate "2010.07.08"]
[EventType "swiss"]
[EventRounds "7"]
[EventCountry "GER"]
[SourceTitle "EXT 2012"]
[Source "ChessBase"]
[SourceDate "2011.11.24"]
[SourceVersion "1"]
[SourceVersionDate "2011.11.24"]
[SourceQuality "1"]

1. e4 e6 2. b3 d5 3. Bb2 dxe4 4. Nc3 Nf6 5. Qe2 Be7 6. 0-0-0 b6 7. g4 Ba6 8. d3 exd3 9. Qf3 Nbd7 10. g5 Ne5 11. Qf4 Nfd7 12. h4 0-0 13. Nf3 Nxf3 14. Qxf3 Nc5 15. Rg1 Qe8 16. cxd3 Bb7 17. Qe3 a5 18. h5 a4 19. h6 g6 20. Bh3 axb3 21. axb3 Nxb3+ 22. Kb1 Bc5 23. d4 Nxd4 24. Qe5 f6 25. gxf6 Rd8 26. Ne4 Rd5 27. f7+ Qxf7 28. Bxe6 Rxe5 29. Nf6+ Kh8 30. Bxf7 Be4+ 31. Nxe4 Rxe4 32. Bd5 Ref4 33. Rge1 Rd8 34. Re5 c6 35. Bxc6 Kg8 36. Rd5 Nxc6 37. Rxd8+ Nxd8 38. Rxd8+ Rf8 39. Rd7 Rf7 40. Rd8+ Rf8 41. Rd7 Rf7 1/2-1/2

[Event "Karl Mala Memorial op 13th"]
[Site "Frankfurt"]
[Date "2010.07.09"]
[Round "2"]
[White "Koch, Ulrich"]
[Black "Guenther, Peter"]
[Result "1-0"]
[WhiteElo "1964"]
[BlackElo "2218"]
[PlyCount "105"]
[EventDate "2010.07.08"]
[EventType "swiss"]
[EventRounds "7"]
[EventCountry "GER"]
[SourceTitle "EXT 2012"]
[Source "ChessBase"]
[SourceDate "2011.11.24"]
[SourceVersion "1"]
[SourceVersionDate "2011.11.24"]
[SourceQuality "1"]

1. d4 Nf6 2. Nf3 g6 3. e3 Bg7 4. Be2 d6 5. 0-0 0-0 6. c4 Nbd7 7. Nc3 e5 8. b3 Re8 9. Bb2 c6 10. Qc2 Nf8 11. Rfd1 e4 12. Nd2 Qe7 13. Nf1 h5 14. d5 c5 15. a3 N8h7 16. b4 b6 17. bxc5 bxc5 18. Rab1 Ng4 19. Bxg4 Bxg4 20. Ne2 h4 21. Bxg7 Kxg7 22. h3 Bf5 23. Qc3+ Kg8 24. Rb2 Qg5 25. Kh2 Nf6 26. Nf4 Nd7 27. Nd2 Ne5 28. Rg1 Qf6 29. Kh1 g5 30. g3 gxf4 31. gxf4+ Kh7 32. fxe5 Rxe5 33. Kh2 Bg6 34. Rg2 Rae8 35. Rb1 Bh5 36. Rbg1 Kh6 37. Qb2 Rf5 38. Qxf6+ Rxf6 39. Rb1 Rg6 40. Rb7 Bf3 41. Rxg6+ Kxg6 42. Rd7 Rb8 43. Rxd6+ Kg7 44. Nxf3 exf3 45. Rc6 Rb2 46. Rxc5 Rxf2+ 47. Kg1 Rc2 48. d6 Kf6 49. Rd5 Rg2+ 50. Kf1 Rg8 51. Kf2 Ke6 52. d7 Rd8 53. Kxf3 1-0

[Event "Oberliga Ost-B 0910"]
[Site "Germany"]
[Date "2009.12.13"]
[Round "5.4"]
[White "Guenther, Peter"]
[Black "Telljohann, Sven"]
[Result "1-0"]
[WhiteElo "2229"]
[BlackElo "2403"]
[PlyCount "129"]
[EventDate "2009.10.18"]
[EventType "team-tourn"]
[EventRounds "11"]
[EventCountry "GER"]
[SourceTitle "EXT 2011"]
[Source "ChessBase"]
[SourceDate "2010.11.26"]
[SourceVersion "1"]
[SourceVersionDate "2010.11.26"]
[SourceQuality "1"]
[WhiteTeam "Frankfurt BvK"]
[BlackTeam "Schoeneck"]
[WhiteTeamCountry "GER"]
[BlackTeamCountry "GER"]

1. e4 c5 2. b3 Nf6 3. e5 Nd5 4. Bb2 Nc6 5. Nf3 b6 6. Bc4 Nc7 7. Qe2 e6 8. Nc3 Be7 9. Ne4 0-0 10. 0-0 f6 11. exf6 gxf6 12. Ng3 d5 13. Bd3 Rf7 14. a3 Bf8 15. Rfe1 Qd7 16. Rad1 Bb7 17. h3 Re8 18. Nh4 f5 19. Qh5 Bg7 20. Bxg7 Rxg7 21. Ngxf5 exf5 22. Nxf5 Rg6 23. Nh6+ Kg7 24. Bxg6 hxg6 25. Qg5 Nd4 26. Ng4 Qd6 27. Rxe8 Nxe8 28. Re1 Ne6 29. Qh6+ Kf7 30. Qh7+ N8g7 31. Ne5+ Kf8 32. Nxg6+ Kf7 33. Ne5+ Kf8 34. Qh8+ Ke7 35. Qg8 Qc7 36. Qf7+ Kd6 37. Qg6 Qe7 38. f4 Kc7 39. Ng4 Bc8 40. f5 Qh4 41. Rxe6 Nxe6 42. fxe6 Qe1+ 43. Kh2 Bxe6 44. Ne3 Kd7 45. Qg7+ Ke8 46. Qf6 Kd7 47. Nf5 Bxf5 48. Qxf5+ Kc6 49. Qf4 Qc1 50. Qa4+ Kd6 51. Qxa7 Qxd2 52. Qxb6+ Ke5 53. Qg6 Kd4 54. h4 Kc3 55. h5 Kb2 56. h6 Qf4+ 57. Kh3 Qe3+ 58. g3 Qf3 59. h7 d4 60. a4 Qf1+ 61. Kg4 Qe2+ 62. Kg5 Qe5+ 63. Kh4 Qe7+ 64. Kh3 Qe5 65. a5 1-0

[Event "Oberliga Ost-B 0809"]
[Site "Germany"]
[Date "2009.03.29"]
[Round "11.5"]
[White "Guenther, Peter"]
[Black "Klings, Peter"]
[Result "1/2-1/2"]
[WhiteElo "2256"]
[BlackElo "2145"]
[PlyCount "35"]
[EventDate "2008.10.26"]
[EventType "team-tourn"]
[EventRounds "11"]
[EventCountry "GER"]
[SourceTitle "EXT 2010"]
[Source "ChessBase"]
[SourceDate "2010.11.25"]
[SourceVersion "1"]
[SourceVersionDate "2010.11.25"]
[SourceQuality "1"]
[WhiteTeam "Frankfurt BvK"]
[BlackTeam "Moerlenbach"]
[WhiteTeamCountry "GER"]
[BlackTeamCountry "GER"]

1. e4 c6 2. c4 d5 3. cxd5 cxd5 4. exd5 Nf6 5. Nc3 Nxd5 6. Bc4 Nb6 7. Bb3 Nc6 8. Nf3 Na5 9. 0-0 Nxb3 10. Qxb3 Be6 11. Qb5+ Qd7 12. Nd4 Bc4 13. Qxd7+ Kxd7 14. d3 Bd5 15. Be3 e6 16. Ndb5 a6 17. Bxb6 axb5 18. Nxd5 1/2-1/2

[Event "Oberliga Ost-B 0809"]
[Site "Germany"]
[Date "2009.01.31"]
[Round "6.5"]
[White "Braeuner, Uwe"]
[Black "Guenther, Peter"]
[Result "0-1"]
[WhiteElo "2137"]
[BlackElo "2256"]
[PlyCount "82"]
[EventDate "2008.10.26"]
[EventType "team-tourn"]
[EventRounds "11"]
[EventCountry "GER"]
[SourceTitle "EXT 2010"]
[Source "ChessBase"]
[SourceDate "2010.11.25"]
[SourceVersion "1"]
[SourceVersionDate "2010.11.25"]
[SourceQuality "1"]
[WhiteTeam "Erfurt SK II"]
[BlackTeam "Frankfurt BvK"]
[WhiteTeamCountry "GER"]
[BlackTeamCountry "GER"]

1. d4 Nf6 2. Nf3 e6 3. Bf4 c5 4. e3 Qb6 5. Nc3 a6 6. Rb1 d5 7. Be2 Nc6 8. 0-0 Be7 9. Na4 Qa5 10. Nxc5 Bxc5 11. dxc5 Qxc5 12. c3 0-0 13. Ne5 Nd7 14. Nxd7 Bxd7 15. c4 e5 16. Qxd5 Qxd5 17. cxd5 exf4 18. dxc6 Bxc6 19. Bf3 Bxf3 20. gxf3 Rfe8 21. e4 f5 22. Rfe1 Rac8 23. Re2 Rc5 24. Kg2 Rce5 25. Rbe1 g5 26. h3 Kf7 27. Kf1 R8e7 28. exf5 Kf6 29. Rxe5 Rxe5 30. Rxe5 Kxe5 31. Ke2 Kxf5 32. Kd3 Ke5 33. Kc4 b6 34. b4 h6 35. a4 h5 36. Kd3 Kd5 37. Kc3 a5 38. b5 Kc5 39. Kd3 Kb4 40. Kd4 Kxa4 41. Kc4 h4 0-1

[Event "Oberliga Ost-B 0809"]
[Site "Germany"]
[Date "2009.01.18"]
[Round "5.5"]
[White "Rubel, Julian"]
[Black "Guenther, Peter"]
[Result "1/2-1/2"]
[WhiteElo "2179"]
[BlackElo "2256"]
[PlyCount "29"]
[EventDate "2008.10.26"]
[EventType "team-tourn"]
[EventRounds "11"]
[EventCountry "GER"]
[SourceTitle "EXT 2010"]
[Source "ChessBase"]
[SourceDate "2010.11.25"]
[SourceVersion "1"]
[SourceVersionDate "2010.11.25"]
[SourceQuality "1"]
[WhiteTeam "Steinbach"]
[BlackTeam "Frankfurt BvK"]
[WhiteTeamCountry "GER"]
[BlackTeamCountry "GER"]

1. d4 Nf6 2. Nf3 e6 3. Bg5 h6 4. Bxf6 Qxf6 5. Nbd2 c5 6. e3 cxd4 7. exd4 b6 8. Bd3 Bb7 9. Qe2 Nc6 10. c3 d5 11. Ne5 Bd6 12. Bb5 Bxe5 13. Qxe5 0-0 14. Qc7 Na5 15. Nf3 1/2-1/2

[Event "Karl Mala Memorial op 11th"]
[Site "Frankfurt"]
[Date "2008.06.29"]
[Round "7"]
[White "Guenther, Peter"]
[Black "Boidman, Yuri"]
[Result "0-1"]
[WhiteElo "2271"]
[BlackElo "2439"]
[PlyCount "96"]
[EventDate "2008.06.26"]
[EventType "swiss"]
[EventRounds "7"]
[EventCountry "GER"]
[SourceTitle "CBM 125 Extra"]
[Source "ChessBase"]
[SourceDate "2008.09.01"]
[SourceVersion "1"]
[SourceVersionDate "2008.09.01"]
[SourceQuality "1"]

1. e4 c5 2. Nc3 Nc6 3. g3 g6 4. Bg2 Bg7 5. d3 Rb8 6. Be3 b5 7. Qd2 b4 8. Nd1 d6 9. Ne2 Nd4 10. 0-0 e5 11. f4 Ne7 12. Nc1 Qb6 13. c3 Ndc6 14. Ne2 0-0 15. h3 a5 16. g4 exf4 17. Nxf4 bxc3 18. bxc3 Ba6 19. Rc1 a4 20. g5 Ne5 21. Bf2 h6 22. h4 hxg5 23. hxg5 Ng4 24. Bg3 d5 25. Bh3 Ne5 26. exd5 c4+ 27. d4 Rbd8 28. Ne3 Nd3 29. Rb1 Qa5 30. Nxd3 cxd3 31. Rf2 Nxd5 32. Nxd5 Rxd5 33. Bf4 Rb5 34. Rxb5 Qxb5 35. Bf1 Rc8 36. Rf3 Qc6 37. Re3 Qxc3 38. Re8+ Bf8 39. Qxc3 Rxc3 40. Bd2 Rc2 41. Bxd3 Rxd2 42. Bxa6 Rxd4 43. Kf2 Rd5 44. Re4 Rf5+ 45. Ke2 a3 46. Bc4 Kg7 47. Rg4 Be7 48. Bd3 Rxg5 0-1

[Event "Karl Mala Memorial op 11th"]
[Site "Frankfurt"]
[Date "2008.06.28"]
[Round "5"]
[White "Guenther, Peter"]
[Black "Dittmann, Moritz"]
[Result "1-0"]
[WhiteElo "2271"]
[BlackElo "2084"]
[PlyCount "71"]
[EventDate "2008.06.26"]
[EventType "swiss"]
[EventRounds "7"]
[EventCountry "GER"]
[SourceTitle "CBM 125 Extra"]
[Source "ChessBase"]
[SourceDate "2008.09.01"]
[SourceVersion "1"]
[SourceVersionDate "2008.09.01"]
[SourceQuality "1"]

1. e4 c5 2. Nc3 d6 3. g3 g6 4. Bg2 Bg7 5. d3 Nc6 6. Be3 e5 7. Qd2 Nf6 8. h3 0-0 9. f4 Nd4 10. Nf3 Nh5 11. Qf2 Qb6 12. 0-0-0 Qa5 13. Kb1 b5 14. Nd5 Be6 15. c3 Nf5 16. fxe5 Nxe3 17. Qxe3 Nxg3 18. Rhe1 dxe5 19. Qxc5 Nh5 20. d4 Nf4 21. Bf1 Nxd5 22. exd5 Rac8 23. Qxb5 Qxb5 24. Bxb5 Bxh3 25. Nxe5 h5 26. c4 g5 27. d6 Kh7 28. c5 f5 29. c6 f4 30. d7 Rcd8 31. c7 Rxd7 32. Bxd7 Bxd7 33. Nxd7 Rc8 34. Re7 Kg6 35. d5 g4 36. d6 1-0

[Event "Karl Mala Memorial op 11th"]
[Site "Frankfurt"]
[Date "2008.06.27"]
[Round "3"]
[White "Guenther, Peter"]
[Black "Lehnert, Michael"]
[Result "1-0"]
[WhiteElo "2271"]
[BlackElo "2090"]
[PlyCount "67"]
[EventDate "2008.06.26"]
[EventType "swiss"]
[EventRounds "7"]
[EventCountry "GER"]
[SourceTitle "CBM 125 Extra"]
[Source "ChessBase"]
[SourceDate "2008.09.01"]
[SourceVersion "1"]
[SourceVersionDate "2008.09.01"]
[SourceQuality "1"]

1. e4 e6 2. d4 d5 3. Nc3 Bb4 4. e5 c5 5. a3 Bxc3+ 6. bxc3 Nc6 7. Qg4 Nge7 8. Qxg7 Rg8 9. Qxh7 cxd4 10. f4 Qa5 11. Qd3 dxc3 12. Ne2 Nb4 13. Qd1 Nf5 14. Rb1 Nc6 15. Qd3 d4 16. Rg1 Rh8 17. g4 Nh4 18. Rg3 Ng6 19. Nxd4 Ngxe5 20. fxe5 Qxe5+ 21. Ne2 Rxh2 22. Qxc3 Nd4 23. Re3 Qf6 24. Nxd4 Qf2+ 25. Kd1 Qxf1+ 26. Re1 Qg2 27. Qf3 Bd7 28. Bg5 Qxf3+ 29. Nxf3 Rf2 30. Rh1 f6 31. Rh8+ Kf7 32. Rxa8 Bc6 33. Ne5+ fxe5 34. Rb4 1-0

[Event "Karl Mala Memorial op 11th"]
[Site "Frankfurt"]
[Date "2008.06.27"]
[Round "2"]
[White "Richters, Marc"]
[Black "Guenther, Peter"]
[Result "0-1"]
[WhiteElo "1961"]
[BlackElo "2271"]
[PlyCount "72"]
[EventDate "2008.06.26"]
[EventType "swiss"]
[EventRounds "7"]
[EventCountry "GER"]
[SourceTitle "CBM 125 Extra"]
[Source "ChessBase"]
[SourceDate "2008.09.01"]
[SourceVersion "1"]
[SourceVersionDate "2008.09.01"]
[SourceQuality "1"]

1. d4 Nf6 2. c4 Nc6 3. Nc3 e5 4. d5 Ne7 5. Bg5 Ng6 6. e4 h6 7. Be3 Bb4 8. Bd3 Bxc3+ 9. bxc3 d6 10. h3 b6 11. g4 Nd7 12. Ne2 Nh4 13. 0-0 g5 14. Ng3 Ng6 15. Nf5 Nf4 16. Bxf4 exf4 17. Bc2 Ne5 18. Ba4+ Kf8 19. Nd4 h5 20. f3 Qf6 21. Nc6 hxg4 22. Nxe5 dxe5 23. hxg4 Qh6 24. Kf2 Qh2+ 25. Ke1 Qg3+ 26. Kd2 Bxg4 27. Kc2 Rh2+ 28. Kd3 f5 29. c5 Rd8 30. Kc4 Bh3 31. Rg1 Qf2 32. Kb5 Qxc5+ 33. Ka6 b5 34. Ka5 bxa4+ 35. Kxa4 Rb2 36. Qd3 fxe4 0-1